Načítá se...

Global business environment text and cases

Podrobná bibliografie
Hlavní autor: Cherunilam, Francis
Médium: Printed Book
Jazyk:English
Vydáno: Mumbai Himalaya 2001
Témata:
LEADER 00556nam a22001817a 4500
005 20151215124904.0
008 090915t xxu||||| |||| 00| 0 eng d
082 |a 337  |b CHE 
100 |a Cherunilam, Francis  |9 341 
245 |a Global business environment  |b text and cases 
300 |a 380p. 
653 |a Management 
653 |a Global economy 
942 |c TB  |6 _ 
260 |a Mumbai  |b Himalaya  |c 2001 
020 |a 8178660830 
999 |c 93631  |d 93631 
952 |0 0  |1 0  |2 ddc  |4 0  |6 337_CHE  |7 0  |9 117715  |a SMS  |b SMS  |c REF  |d 2009-09-15  |o 337 CHE  |p SMST12003  |r 2009-09-15  |w 2009-09-15  |y REF